logo

Bir Sreshtho Munshi Abdur Rouf Library
Jhenaidah Cadet College

The madness of Cambyses / (Record no. 14463)

MARC details
000 -LEADER
fixed length control field 00663nam a22002537a 4500
001 - CONTROL NUMBER
JCCL Control Number 14463
003 - CONTROL NUMBER IDENTIFIER
JCCL marc code BD-JhCC
005 - DATE AND TIME OF LATEST TRANSACTION
control field 20251201110451.0
008 - FIXED-LENGTH DATA ELEMENTS--GENERAL INFORMATION
fixed length control field 251201b |||||||| |||| 00| 0 eng d
020 ## - INTERNATIONAL STANDARD BOOK NUMBER
International Standard Book Number 9780141398778
035 ## - SYSTEM CONTROL NUMBER
system control number (BD-JhCC) 14463
040 ## - CATALOGING SOURCE
Original cataloging agency BD-JhCC
Modifying agency BD-JhCC
041 ## - LANGUAGE CODE
Language code of Book eng
082 ## - DEWEY DECIMAL CLASSIFICATION NUMBER
DDC Edition number 23
Classification number 935.03
Author mark and Year HER
100 ## - MAIN ENTRY--PERSONAL NAME
Personal name Herodotus
245 ## - TITLE STATEMENT
Title The madness of Cambyses /
Statement of responsibility, etc Herodotus
260 ## - PUBLICATION, DISTRIBUTION, ETC. (IMPRINT)
Place of publication, distribution, etc UK:
Name of publisher, distributor, etc Penguin Classics,
Date of publication, distribution, etc 2015
300 ## - PHYSICAL DESCRIPTION
Pagination 54p.;
Dimensions 17 cm.
Accompanying material paper
490 ## - SERIES STATEMENT
Series statement Penguin Little Black Classics
Volume number/sequential designation no-78
650 ## - SUBJECT ADDED ENTRY--TOPICAL TERM
Topical term or geographic name as entry element History
650 ## - SUBJECT ADDED ENTRY--TOPICAL TERM
Topical term or geographic name as entry element Iran History To 640 Early works to 1800
942 ## - ADDED ENTRY ELEMENTS (KOHA)
Source of classification or shelving scheme Dewey Decimal Classification
Koha item type Books
Holdings
Damaged status Not for loan Collection code Home library Current library Shelving location Date of accession Total Checkouts Full call number Barcode Date last seen Copy number Method of acquisition Koha item type Currency
    Non-fiction JCC Rouf Library JCC Rouf Library General Stacks     935.03 Her 20181 12/01/2025 C-1 Purchase Books BDT

JCC Library | Contacts | JCC Home

Last Update on 23 September 2017
Copyright @ 2017-2020 JCC Rouf Library
Rouf Library, Jhenidah Cadet College (JCC), Bangladesh